<?xml version="1.0" encoding="UTF-8"?>
<collection xmlns="http://www.loc.gov/MARC21/slim">
 <record>
  <leader>01474nam a22002177a 4500</leader>
  <controlfield tag="001">NCT_37746</controlfield>
  <controlfield tag="008">180601b        xxu||||| |||| 00| 0 vie d</controlfield>
  <datafield tag="999" ind1=" " ind2=" ">
   <subfield code="c">1823</subfield>
   <subfield code="d">1823</subfield>
  </datafield>
  <datafield tag="020" ind1=" " ind2=" ">
   <subfield code="c">98000</subfield>
  </datafield>
  <datafield tag="082" ind1="0" ind2="4">
   <subfield code="2">23rd ed.</subfield>
   <subfield code="a">690.1</subfield>
   <subfield code="b">H428/T.1</subfield>
  </datafield>
  <datafield tag="245" ind1="0" ind2="0">
   <subfield code="a">Hỏi đáp Thiết kế và Thi công kết cấu nhà cao tầng</subfield>
   <subfield code="n">Tập 1</subfield>
   <subfield code="c">Triệu Tây An [et al.]</subfield>
  </datafield>
  <datafield tag="250" ind1=" " ind2=" ">
   <subfield code="a">Tái bản</subfield>
  </datafield>
  <datafield tag="260" ind1=" " ind2=" ">
   <subfield code="a">H.</subfield>
   <subfield code="b">Nhà xuất bản Xây Dựng</subfield>
   <subfield code="c">2014</subfield>
  </datafield>
  <datafield tag="300" ind1=" " ind2=" ">
   <subfield code="a"> 369tr.</subfield>
   <subfield code="b">Minh họa</subfield>
   <subfield code="c">21cm</subfield>
  </datafield>
  <datafield tag="520" ind1="3" ind2=" ">
   <subfield code="a">Tài liệu bao gồm 238 câu hỏi và trả lời về thiết kế và thi công kết cấu nhà cao tầng. Nội dung bao gồm: các khái niệm chung về thiết kế kết cấu nhà cao tầng, chọn và bố trí kết cấu; tải trọng và tác động của động đất; tính toán nội lực và chuyển vị, kết cấu khung,...</subfield>
  </datafield>
  <datafield tag="653" ind1=" " ind2=" ">
   <subfield code="a">Kiến trúc</subfield>
  </datafield>
  <datafield tag="700" ind1=" " ind2=" ">
   <subfield code="a">Triệu Tây An, Lý Quốc Thắng, Lý Quốc Cường, Đái Chấn Quốc</subfield>
  </datafield>
  <datafield tag="942" ind1=" " ind2=" ">
   <subfield code="2">ddc</subfield>
   <subfield code="c">BK</subfield>
  </datafield>
  <datafield tag="952" ind1=" " ind2=" ">
   <subfield code="0">0</subfield>
   <subfield code="1">0</subfield>
   <subfield code="2">ddc</subfield>
   <subfield code="4">0</subfield>
   <subfield code="6">690_100000000000000_H428_T_1</subfield>
   <subfield code="7">0</subfield>
   <subfield code="9">9087</subfield>
   <subfield code="a">000001</subfield>
   <subfield code="b">000001</subfield>
   <subfield code="d">2018-06-01</subfield>
   <subfield code="o">690.1 H428/T.1</subfield>
   <subfield code="p">MD.11389</subfield>
   <subfield code="r">2018-06-01</subfield>
   <subfield code="v">98000.00</subfield>
   <subfield code="w">2018-06-01</subfield>
   <subfield code="y">BK</subfield>
  </datafield>
  <datafield tag="952" ind1=" " ind2=" ">
   <subfield code="0">0</subfield>
   <subfield code="1">0</subfield>
   <subfield code="2">ddc</subfield>
   <subfield code="4">0</subfield>
   <subfield code="6">690_100000000000000_H428_T_1</subfield>
   <subfield code="7">0</subfield>
   <subfield code="9">9088</subfield>
   <subfield code="a">000001</subfield>
   <subfield code="b">000001</subfield>
   <subfield code="d">2018-06-01</subfield>
   <subfield code="o">690.1 H428/T.1</subfield>
   <subfield code="p">MD.11390</subfield>
   <subfield code="r">2018-06-01</subfield>
   <subfield code="v">98000.00</subfield>
   <subfield code="w">2018-06-01</subfield>
   <subfield code="y">BK</subfield>
  </datafield>
  <datafield tag="980" ind1=" " ind2=" ">
   <subfield code="a">Thư viện Trường Đại học Nam Cần Thơ</subfield>
  </datafield>
 </record>
</collection>
